| 000 -LEADER |
| fixed length control field |
00967nam a22002177a 4500 |
| 005 - DATE AND TIME OF LATEST TRANSACTION |
| control field |
20260311104919.0 |
| 008 - FIXED-LENGTH DATA ELEMENTS--GENERAL INFORMATION |
| fixed length control field |
260310s1997 enk||||| |||| 00| 0 eng d |
| 020 ## - INTERNATIONAL STANDARD BOOK NUMBER |
| International Standard Book Number |
9780824818500x |
| 041 ## - LANGUAGE CODE |
| Language code of text/sound track or separate title |
eng |
| 080 ## - UNIVERSAL DECIMAL CLASSIFICATION NUMBER |
| Universal Decimal Classification number |
008(520) M-39 |
| 100 ## - MAIN ENTRY--PERSONAL NAME |
| Personal name |
Nishiyama, Matsunosuke |
| 9 (RLIN) |
27103 |
| 245 ## - TITLE STATEMENT |
| Title |
Edo culture : |
| Remainder of title |
daily life a. diversions in urban Japan, 1600-1868 / |
| Statement of responsibility, etc. |
Nishiyama Matsunosuke; translated by Gerald Groemer. |
| 264 ## - PRODUCTION, PUBLICATION, DISTRIBUTION, MANUFACTURE, AND COPYRIGHT NOTICE |
| Place of production, publication, distribution, manufacture |
Honolulu : |
| Name of producer, publisher, distributor, manufacturer |
Univ. of Hawai'i press, |
| Date of production, publication, distribution, manufacture, or copyright notice |
1997 |
| 300 ## - PHYSICAL DESCRIPTION |
| Extent |
309 p. : |
| Other physical details |
ill. ; |
| Dimensions |
23 cm. |
| 521 ## - TARGET AUDIENCE NOTE |
| Target audience note |
Bibliogr.: p. 281-296 |
| 653 ## - INDEX TERM--UNCONTROLLED |
| keyword |
იაპონიის ქალაქების ისტორია -- 17-19 სს. |
| 653 ## - INDEX TERM--UNCONTROLLED |
| keyword |
იაპონური ცივილიზაცია -- 17-19 სს. |
| 653 ## - INDEX TERM--UNCONTROLLED |
| keyword |
იაპონიის ქალაქური კულტურა -- ისტორია. |
| 700 ## - ADDED ENTRY--PERSONAL NAME |
| Personal name |
Groemer, Gerald |
| Relator term |
მთარგმნელი |
| 9 (RLIN) |
27104 |
| 942 ## - ADDED ENTRY ELEMENTS (KOHA) |
| Source of classification or shelving scheme |
|
| Koha item type |
წიგნი |